| 000 | 00864nam a2200265 a 4500 | ||
|---|---|---|---|
| 001 | 60045 | ||
| 003 | BD-RjUL | ||
| 005 | 20211209080810.0 | ||
| 008 | 161228s1964 enk 000 0 eng | ||
| 035 | _a(BD-RjUL)60169 | ||
| 040 |
_aDLC _cCarP _dDLC _dBD-RjUL _beng |
||
| 041 | _aeng | ||
| 082 |
_223 _a336.014 _bDRF 1964 |
||
| 100 | 1 |
_aDrummond, J. M. _q(Joseph Marnach) _9178683 |
|
| 245 | 1 | 4 |
_aThe finance of local government : _bEngland and Wales / _cby J. M. Drummond, rev. ed. W. A. C. Kitching |
| 250 | _a2d ed. | ||
| 260 |
_aLondon : _bG. Allen & Unwin _c1962 [Impression 1964] |
||
| 300 |
_a256 p. _c23 cm. |
||
| 490 | _aThe new town and county hall series | ||
| 500 | _aIncludes Index | ||
| 650 | 0 |
_aLocal finance _9178684 |
|
| 700 |
_aKitching, W. A. C. rev. ed. _9178685 |
||
| 830 |
_aThe new town and county hall series _9179587 |
||
| 942 |
_2ddc _cBK |
||
| 999 |
_c60045 _d60045 |
||